| 000 | 00515nam a2200181Ia 4500 | ||
|---|---|---|---|
| 003 | SGT | ||
| 020 | _a9788177583670 | ||
| 082 |
_a6.3 _bRUS |
||
| 100 | _aRussell, Stuart | ||
| 245 | _aArtificial intelligence : a modern approach | ||
| 250 | _a2nd & 3rd . . . Ed. | ||
| 260 |
_bPearson _aN.Delhi _c2012 |
||
| 300 | _a1022p. | ||
| 650 | _aCOMPUTER SCIENCE | ||
| 653 | _aARTIFICIAL INTELLIGENCE A MODERN APPROACH , INTELLIGENT AGENTS , INFORMED SEARCH AND EXPLORATION | ||
| 700 | _aNorvig, Peter | ||
| 942 |
_2ddc _cBK |
||
| 999 |
_c5444 _d5444 |
||